000 nam a22 a 4500
999 _c1171
_d1171
003 AKMAL
005 20170508145719.0
008 170508s1993 my e 000 0 eng d
020 _a9839962868 (pbk.) :
_cRM 8.00
039 9 _a201107130854
_bvithya
_c201107120915
_dmanoriah
_c201107081626
_dnorizan
_c201107081625
_dnorizan
040 _aAKMAL
082 _a297.44 ALA
090 0 0 _a297.44
_bALA
_dM
090 2 0 _a297.44
_bALA
_dD
100 1 _aal-Attas, Syed Muhammad Naquib,
_d1931-
_9847
245 1 4 _aThe meaning and experience of happiness in Islam /
_cSyed Muhammad Naquib Al-Attas
260 _aKuala Lumpur :
_bInternational Institute of Islamic Thought And Civilization (ISTAC),
_c1993
300 _a24p. ;
_c21cm.
599 _aDALAM PROSES
650 1 0 _aHappiness
_xReligious aspects
_xIslam
_92266
650 2 0 _aIslamic ethics
_91621
650 2 0 _aIslam
_xPsychology
_91268
650 2 0 _aReligious life
_xIslam
_9819
942 _2ddc
_cBOOK